| 000 | 00861nam a22002297a 4500 | ||
|---|---|---|---|
| 003 | OSt | ||
| 005 | 20131213162149.0 | ||
| 008 | 130607s2005 sp ||||| |||| 00| 0 spa d | ||
| 020 | _a8430943501 | ||
| 040 |
_cCDMR _bcat |
||
| 100 | 1 |
_92247 _aGutiérrez Palacio, Juan |
|
| 245 | 1 | 0 |
_aRepública, periodismo y literatura _b: la cuestión política en el periodismo literario durante la Segunda República Española : Antología (1931-1936) _cJavier Gutiérrez Palacio |
| 260 |
_aMadrid _bAsociación de la Prensa de Madrid |
||
| 260 | _bCentro Universitario Villanueva | ||
| 260 |
_bTecnos _c2005 |
||
| 300 |
_a991 p. _bil. |
||
| 650 | 0 | 4 |
_92742 _aPremsa _zEspanya _y1931-1936 |
| 650 | 0 | 4 |
_93088 _aPeriodisme i literatura _xAspectes polítics |
| 650 | 0 | 4 |
_93305 _aRepublicanisme _zEspanya _y1931-1936 |
| 650 | 0 | 4 |
_93430 _aPeriodistes _vRecull d'escrits |
| 942 |
_2udc _cMON |
||
| 999 |
_c6422 _d6422 |
||